000 00677nam a2200265Ia 4500
005 20260121165655.0
008 008 260114s9999 xx 000 0 eng d
020 _a9788876425363
037 _aEBOOK
040 _aCRL
040 _beng
040 _cCRL
041 _2eng
041 _aeng
084 _qCRL
100 _aMarco Polini, Giovanni Vignale, Vittorio Pellegrini, Jainendra K. Jain
_91054647
245 0 _aNo-nonsense Physicist
260 _bSpringer
260 _bSpringer
260 _c2016
856 _uhttps://link.springer.com/openurl?genre=book&isbn=978-88-7642-536-3
942 _cEBOOK
999 _c1620374
_d1620374